000 00621nam a2200241Ia 4500
003 OSt
005 20220924132752.0
006 a|||||r|||| 00| 0
007 ta
008 220923b |||||||| |||| 00| 0 per d
020 _a9644722639 (hbk)
024 _a250327
037 _cTextual
040 _aARTS
_cARTS
_bper
041 _2per
_aper
082 _aV45, 164P2
100 _aShobani Raza Au.
_9204985
245 0 _aKitab-e-Iran
_b guzidah-e-tareekh-e-Iran
260 _c2002
650 _aIRAN - HISTORY
942 _hV45, 164P2
_cTEXL
_2CC
999 _c431541
_d431541